[Event "Ontario op U2200"]
[Site "Toronto CAN"]
[Date "2022.05.21"]
[Round "2.21"]
[White "Zheng, Victor"]
[Black "Nazareno, Merlin"]
[Result "1-0"]
[WhiteElo "1918"]
[BlackElo "2083"]
[PlyCount "57"]
[EventDate "2022.05.21"]
[EventType "swiss"]
[EventRounds "6"]
[EventCountry "CAN"]

1. Nf3 d5 2. g3 Nc6 3. d4 Bf5 4. Bg2 Qd7 5. c4 O-O-O 6. cxd5 Qxd5 7. Nc3 Qa5 8.
O-O e6 9. Qb3 Qa6 10. Rd1 Nf6 11. Bf4 Nh5 12. Be3 Be7 13. Ne5 Nxe5 14. dxe5 g5
15. Nb5 c5 16. Nd6+ Bxd6 17. exd6 b6 18. Rac1 Kd7 19. Bxg5 f6 20. Qf3 Qc8 21.
Qxh5 Bg6 22. Qh6 Rhf8 23. Be3 Rf7 24. Qf4 Qa6 25. Qc4 Qxc4 26. Rxc4 a5 27. a3
Rc8 28. Be4 f5 29. Bb7 {time} 1-0

[Event "Ontario op U2200"]
[Site "Toronto CAN"]
[Date "2022.05.21"]
[Round "2.22"]
[White "He, Emma"]
[Black "Wu, Benjamin"]
[Result "1-0"]
[WhiteElo "1981"]
[BlackElo "1828"]
[PlyCount "71"]
[EventDate "2022.05.21"]
[EventType "swiss"]
[EventRounds "6"]
[EventCountry "CAN"]

1. e4 e6 2. d4 d5 3. Nd2 dxe4 4. Nxe4 Nd7 5. Nf3 Ngf6 6. Bd3 Be7 7. O-O Nxe4 8.
Bxe4 Nf6 9. Bd3 O-O 10. Bf4 c5 11. c3 cxd4 12. Nxd4 Bd6 13. Bg5 h6 14. Bh4 Be7
15. Re1 a6 16. Qf3 Qc7 17. Rad1 Re8 18. Bxf6 Bxf6 19. Qe4 g6 20. h4 Bxd4 21.
cxd4 h5 22. Re3 Bd7 23. Rg3 Bc6 24. Qe2 Kg7 25. Rg5 Qf4 26. Bc2 Bb5 27. Qe1
Rac8 28. g3 Qd6 29. Qe4 f5 30. Qxb7+ Rc7 31. Qf3 Rxc2 32. Qxh5 e5 33. dxe5 Qb6
34. Qf3 Rxe5 35. h5 Ree2 36. Rxg6+ 1-0

[Event "Ontario op U2200"]
[Site "Toronto CAN"]
[Date "2022.05.21"]
[Round "2.23"]
[White "Sneeggen, Espen"]
[Black "Malmsten, Erik"]
[Result "0-1"]
[WhiteElo "1646"]
[BlackElo "1975"]
[PlyCount "85"]
[EventDate "2022.05.21"]
[EventType "swiss"]
[EventRounds "6"]
[EventCountry "CAN"]

1. d4 c6 2. Nc3 g6 3. e4 d6 4. a4 Bg7 5. h3 Nd7 6. Nf3 Ngf6 7. Be2 O-O 8. O-O
e5 9. dxe5 dxe5 10. Be3 Qa5 11. Qd6 Re8 12. Bc4 Bf8 13. Qd2 Qb4 14. Ba2 Nc5 15.
Nd5 Nxd5 16. exd5 Qxd2 17. Nxd2 cxd5 18. Bxd5 Be6 19. Bf3 Rac8 20. a5 f5 21.
Rfb1 Bg7 22. Be2 Red8 23. Nf3 f4 24. Bc1 Bf5 25. Ne1 g5 26. b4 Ne6 27. c4 Bxb1
28. Rxb1 e4 29. Nc2 Nd4 30. Nxd4 Rxd4 31. c5 b6 32. Bg4 Rc6 33. Ba3 Rd3 34. b5
Rc7 35. cxb6 axb6 36. Bb4 Bd4 37. Bf5 bxa5 38. Bxa5 Ra7 39. Bxe4 Ra3 40. Bb4
Ra1 41. Kh2 Rxb1 42. Bxb1 Bxf2 43. Bc3 {...} 0-1

[Event "Ontario op U2200"]
[Site "Toronto CAN"]
[Date "2022.05.21"]
[Round "2.24"]
[White "Loadman, Ian"]
[Black "Mahtani, Nitin"]
[Result "1/2-1/2"]
[WhiteElo "2091"]
[BlackElo "1773"]
[PlyCount "59"]
[EventDate "2022.05.21"]
[EventType "swiss"]
[EventRounds "6"]
[EventCountry "CAN"]

1. e4 c6 2. d4 d5 3. exd5 cxd5 4. c4 Nf6 5. Nc3 Nc6 6. Nf3 Bg4 7. cxd5 Nxd5 8.
Qb3 Bxf3 9. gxf3 e6 10. Qxb7 Nxd4 11. Bb5+ Nxb5 12. Qc6+ Ke7 13. Qxb5 Qd7 14.
Nxd5+ Qxd5 15. Qxd5 exd5 16. Be3 Ke6 17. O-O-O Bb4 18. a3 Ba5 19. b4 Bb6 20.
Rhe1 Kd6 21. Bf4+ Kc6 22. Re7 Bxf2 23. Kb2 Rhe8 24. Rc7+ Kb6 25. Rxd5 g5 26.
Rc2 gxf4 27. Rd6+ Kb5 28. Rd5+ Kb6 29. Rd6+ Kb5 30. Rd5+ 1/2-1/2

[Event "Ontario op U2200"]
[Site "Toronto CAN"]
[Date "2022.05.21"]
[Round "2.25"]
[White "Chen, Richard"]
[Black "Shih, Matthew"]
[Result "1/2-1/2"]
[WhiteElo "1910"]
[BlackElo "1985"]
[PlyCount "85"]
[EventDate "2022.05.21"]
[EventType "swiss"]
[EventRounds "6"]
[EventCountry "CAN"]

1. e4 c6 2. d4 d5 3. exd5 cxd5 4. Nf3 Nc6 5. Bd3 Bg4 6. c3 e6 7. O-O Bd6 8. h3
Bh5 9. Re1 Nge7 10. Bg5 O-O 11. Nbd2 Qc7 12. Qc2 h6 13. Bxe7 Nxe7 14. Ne5 Bxe5
15. Rxe5 Bg6 16. Rae1 Bxd3 17. Qxd3 Ng6 18. R5e3 Nf4 19. Qc2 b5 20. Nb3 b4 21.
Nc5 Qa5 22. Rf3 Nh5 23. Nd7 Rfc8 24. Re5 Qc7 25. Nc5 Nf6 26. cxb4 a5 27. Rc3
axb4 28. Nxe6 Qb7 29. Rxc8+ Qxc8 30. Qxc8+ Rxc8 31. Nc5 Ra8 32. Re3 Rxa2 33.
Rb3 Ra1+ 34. Kh2 Rd1 35. Rxb4 Kf8 36. Kg3 Ke7 37. Kf3 Kd6 38. h4 Nd7 39. Nxd7
Kxd7 40. Rb7+ Ke6 41. Ke3 Re1+ 42. Kd3 Rd1+ 43. Ke3 1/2-1/2

[Event "Ontario op U2200"]
[Site "Toronto CAN"]
[Date "2022.05.21"]
[Round "2.26"]
[White "Lu, Eddie"]
[Black "Cater, Brendan"]
[Result "1-0"]
[WhiteElo "1646"]
[BlackElo "1916"]
[PlyCount "89"]
[EventDate "2022.05.21"]
[EventType "swiss"]
[EventRounds "6"]
[EventCountry "CAN"]

1. d4 d5 2. Nf3 Nf6 3. g3 Bf5 4. c4 dxc4 5. Bg2 c6 6. O-O e6 7. Nbd2 h6 8. Nxc4
Nbd7 9. Bf4 Nb6 10. Na5 Qc8 11. Ne5 Be4 12. Bxe4 Nxe4 13. Qd3 Nd6 14. Nec4
Ndxc4 15. Nxc4 Nxc4 16. Qxc4 Qd7 17. Qb3 Be7 18. Rfd1 g5 19. Bd2 h5 20. e4
O-O-O 21. d5 exd5 22. Bc3 Rh6 23. exd5 Rd6 24. Qa4 cxd5 25. Qxa7 Ra6 26. Qe3
Qe6 27. Qd2 Bf6 28. Rac1 Kb8 29. Ba5 Rd7 30. Re1 Qd6 31. Re8+ Bd8 32. b4 Qf6
33. b5 Rad6 34. Qc2 Ka7 35. Qa4 Kb8 36. b6 Rc6 37. Bc3 Qd6 38. Be5 Rxc1+ 39.
Kg2 Qxe5 40. Rxe5 Rd6 41. Qa7+ Kc8 42. Qa8+ Kd7 43. Qxb7+ Bc7 44. bxc7 Rxc7 45.
Qb5+ 1-0

[Event "Ontario op U2200"]
[Site "Toronto CAN"]
[Date "2022.05.21"]
[Round "2.27"]
[White "Jeyakumar, Bhavatharshan"]
[Black "Adriaanse, Adam"]
[Result "0-1"]
[WhiteElo "1827"]
[BlackElo "2194"]
[PlyCount "85"]
[EventDate "2022.05.21"]
[EventType "swiss"]
[EventRounds "6"]
[EventCountry "CAN"]

1. e4 c6 2. d4 d5 3. e5 c5 4. c3 Nc6 5. Bb5 Qb6 6. Bxc6+ bxc6 7. Ne2 Ba6 8. Qb3
e6 9. Nd2 Ne7 10. Qxb6 axb6 11. Nf3 cxd4 12. cxd4 c5 13. a3 Nc6 14. Be3 Na5 15.
Nd2 Be7 16. Rb1 Bd3 17. Rc1 c4 18. Nf4 Bf5 19. f3 h5 20. h4 b5 21. Kf2 Nc6 22.
Ra1 f6 23. exf6 Bxf6 24. Rae1 Kd7 25. Ne2 b4 26. Ra1 Ra4 27. b3 cxb3 28. Nxb3
Rxa3 29. Nc5+ Ke7 30. Bg5 Rha8 31. Bxf6+ gxf6 32. Rxa3 bxa3 33. Nc1 Nxd4 34.
N1b3 Nxb3 35. Nxb3 Rb8 36. Na1 a2 37. Rd1 Rb1 38. Ke2 Kd6 39. Kd2 Kc5 40. Rc1+
Kb4 41. g4 Bh7 42. g5 fxg5 43. hxg5 0-1

[Event "Ontario op U2200"]
[Site "Toronto CAN"]
[Date "2022.05.21"]
[Round "2.28"]
[White "Courson, Wade"]
[Black "Bui, Alan"]
[Result "0-1"]
[WhiteElo "1886"]
[BlackElo "2117"]
[PlyCount "76"]
[EventDate "2022.05.21"]
[EventType "swiss"]
[EventRounds "6"]
[EventCountry "CAN"]

1. e4 e5 2. Nc3 Nf6 3. Bc4 Nc6 4. d3 Bc5 5. f4 d6 6. Nf3 exf4 7. d4 Bb4 8. O-O
O-O 9. Bxf4 Bxc3 10. bxc3 Nxe4 11. Bd3 d5 12. c4 Bf5 13. cxd5 Nc3 14. Qd2 Bxd3
15. Qxc3 Bxf1 16. dxc6 Ba6 17. cxb7 Bxb7 18. Rd1 Rc8 19. Qd3 h6 20. c4 Re8 21.
Ne5 Qe7 22. Qg3 f6 23. Ng4 Kh7 24. d5 Kh8 25. Rf1 Qc5+ 26. Kh1 Qxc4 27. Rd1 Re4
28. Ne3 Qa4 29. Rf1 Qd7 30. Qg6 Qe8 31. Qg3 g5 32. Nf5 Qg6 33. Bc1 Rce8 34.
Qxc7 Qxf5 35. Rg1 Re1 36. Qc5 Qxd5 37. Qf2 Rxg1+ 38. Qxg1 Qxg2+ 0-1

[Event "Ontario op U2200"]
[Site "Toronto CAN"]
[Date "2022.05.21"]
[Round "2.29"]
[White "Douglas, Richard"]
[Black "Oancea, Nicolae"]
[Result "0-1"]
[WhiteElo "2054"]
[BlackElo "1830"]
[PlyCount "74"]
[EventDate "2022.05.21"]
[EventType "swiss"]
[EventRounds "6"]
[EventCountry "CAN"]

1. b4 d6 2. Bb2 e5 3. e3 Nf6 4. Nf3 Be7 5. c4 Bg4 6. Be2 O-O 7. O-O Nbd7 8. d4
e4 9. Nfd2 Bf5 10. Nc3 c6 11. f3 exf3 12. Bxf3 Bg6 13. b5 Rc8 14. a4 a5 15. Qe2
Re8 16. bxc6 bxc6 17. g4 h6 18. Qg2 Qc7 19. Ne2 Nb6 20. Bc3 Nbd7 21. Nf4 Bh7
22. h4 Nf8 23. Nb3 Bd8 24. Bxa5 Qe7 25. Rfe1 Be4 26. Bxd8 Rexd8 27. Nd2 Bxf3
28. Qxf3 d5 29. c5 Re8 30. Rab1 Qd7 31. g5 hxg5 32. hxg5 Ne4 33. Nxe4 Rxe4 34.
Kf2 Ng6 35. Rb4 Qe7 36. Qh3 Re8 37. Rh1 Rxf4+ 0-1

[Event "Ontario op U2200"]
[Site "Toronto CAN"]
[Date "2022.05.21"]
[Round "2.30"]
[White "Mohan, Abhinandan"]
[Black "Rajsic, Branislav"]
[Result "1-0"]
[WhiteElo "1985"]
[BlackElo "1784"]
[PlyCount "59"]
[EventDate "2022.05.21"]
[EventType "swiss"]
[EventRounds "6"]
[EventCountry "CAN"]

1. d4 Nf6 2. c4 g6 3. Nc3 c5 4. d5 d6 5. Nf3 Bg7 6. e4 O-O 7. Be2 e6 8. O-O
exd5 9. cxd5 a6 10. a4 Bg4 11. Nd2 Bxe2 12. Qxe2 Nbd7 13. a5 Re8 14. Nc4 Ne5
15. Nb6 Rb8 16. f4 Ned7 17. Nc4 Qc7 18. Qf3 Nh5 19. Bd2 Bd4+ 20. Kh1 b5 21.
axb6 Nxb6 22. Na5 Nc8 23. Na4 Na7 24. f5 Qe7 25. Rae1 Qf6 26. Qg4 Qg7 27. Bc3
Bxc3 28. bxc3 Nf6 29. Qf4 Rbd8 30. fxg6 1-0

[Event "Ontario op U2200"]
[Site "Toronto CAN"]
[Date "2022.05.21"]
[Round "2.31"]
[White "Faraji, Jafar"]
[Black "Lefort, Victor"]
[Result "1-0"]
[WhiteElo "1941"]
[BlackElo "1755"]
[PlyCount "81"]
[EventDate "2022.05.21"]
[EventType "swiss"]
[EventRounds "6"]
[EventCountry "CAN"]

1. d4 Nf6 2. Nf3 g6 3. g3 Bg7 4. Bg2 O-O 5. O-O c5 6. d5 b5 7. a4 b4 8. c4 Bb7
9. Re1 e6 10. e4 d6 11. dxe6 fxe6 12. Ng5 Qe7 13. Bh3 Bc8 14. e5 dxe5 15. Nd2
Nc6 16. Nde4 Nxe4 17. Nxe4 Nd4 18. Bg2 Bb7 19. Bg5 Qf7 20. Be3 Bxe4 21. Bxe4
Rad8 22. Qg4 Rc8 23. Kg2 Nf5 24. Rf1 Nd6 25. b3 Nf5 26. Rad1 Nd4 27. Bxd4 exd4
28. f4 a5 29. Rde1 Kh8 30. h4 Rcd8 31. Bd3 Rfe8 32. Qg5 Qe7 33. Qg4 Qd6 34. h5
e5 35. fxe5 Rxe5 36. hxg6 h6 37. Rxe5 Qxe5 38. Rf5 Qe3 39. Qf3 Qe7 40. Rf7 Qd6
41. Rxg7 1-0

[Event "Ontario op U2200"]
[Site "Toronto CAN"]
[Date "2022.05.21"]
[Round "2.33"]
[White "Laughlin, Braden"]
[Black "Li, Ande"]
[Result "1-0"]
[WhiteElo "1908"]
[BlackElo "1675"]
[PlyCount "117"]
[EventDate "2022.05.21"]
[EventType "swiss"]
[EventRounds "6"]
[EventCountry "CAN"]

1. e4 c5 2. Nf3 e6 3. d4 cxd4 4. Nxd4 a6 5. Nc3 Qc7 6. Be3 Nf6 7. a3 b5 8. Bd3
Bb7 9. O-O b4 10. axb4 Bxb4 11. Nde2 Ng4 12. Bf4 Bd6 13. Bxd6 Qxd6 14. Ng3 h5
15. h3 Ne3 16. fxe3 Qxg3 17. Qf3 Qxf3 18. gxf3 g5 19. Kf2 Ke7 20. Rg1 f6 21.
Na4 d6 22. f4 Rg8 23. Nb6 Ra7 24. Rg3 Rf8 25. Rag1 gxf4 26. exf4 Nc6 27. Rg6
Nb4 28. Rh6 Nxd3+ 29. cxd3 Rf7 30. Rxh5 a5 31. Rc1 Kf8 32. Rh8+ Kg7 33. Rd8 d5
34. Rg1+ Kh7 35. exd5 exd5 36. Nxd5 Ba6 37. d4 Rab7 38. b4 axb4 39. Rd6 Bd3 40.
Nxf6+ Rxf6 41. Rxf6 b3 42. Ke3 Bc2 43. Kd2 Rd7 44. Kc3 Rc7+ 45. Kb2 Rd7 46. f5
Rxd4 47. Rf7+ Kh8 48. f6 Rd8 49. Rg5 Bd1 50. Rg2 Bf3 51. Rf2 Bd5 52. Re7 Ra8
53. Rf4 Kg8 54. Rg7+ Kf8 55. Rh4 Ra2+ 56. Kc3 Rc2+ 57. Kb4 Bg8 58. Rh8 Rc4+ 59.
Kb5 1-0

[Event "Ontario op U2200"]
[Site "Toronto CAN"]
[Date "2022.05.21"]
[Round "2.34"]
[White "Orlovskii, Konstantin"]
[Black "Flores, Marc"]
[Result "1-0"]
[WhiteElo "1734"]
[BlackElo "1894"]
[PlyCount "83"]
[EventDate "2022.05.21"]
[EventType "swiss"]
[EventRounds "6"]
[EventCountry "CAN"]

1. d4 Nf6 2. Nc3 d5 3. Bg5 e6 4. f3 Be7 5. e4 c5 6. e5 Nfd7 7. Bxe7 Qxe7 8. f4
cxd4 9. Nb5 Qb4+ 10. Kf2 d3 11. Nc7+ Ke7 12. Nxa8 Qxf4+ 13. Qf3 Qxe5 14. Bxd3
Qxb2 15. Ne2 Ne5 16. Qf4 f6 17. Rhb1 Qa3 18. Rb3 Qc5+ 19. Kf1 Nbc6 20. Nc7 a6
21. Na8 Nxd3 22. cxd3 e5 23. Qg3 Kf7 24. Nb6 Be6 25. Rab1 Nd8 26. d4 Qd6 27.
Na4 b5 28. Nc5 Bc8 29. a4 Bf5 30. R1b2 Nc6 31. Nb7 Qe7 32. axb5 axb5 33. Rxb5
g5 34. Nc5 Kg6 35. Rb7 Qd8 36. dxe5 Nxe5 37. R2b5 Re8 38. Nd4 Qc8 39. h4 Bg4
40. Qf2 Rf8 41. Qc2+ Bf5 42. h5+ 1-0

[Event "Ontario op U2200"]
[Site "Toronto CAN"]
[Date "2022.05.22"]
[Round "3.17"]
[White "Xu, Eddie"]
[Black "Mendes, Aaron Reeve"]
[Result "1/2-1/2"]
[WhiteElo "2091"]
[BlackElo "1959"]
[PlyCount "128"]
[EventDate "2022.05.21"]
[EventType "swiss"]
[EventRounds "6"]
[EventCountry "CAN"]

1. d4 Nf6 2. c4 g6 3. Nc3 d5 4. cxd5 Nxd5 5. e4 Nxc3 6. bxc3 Bg7 7. Bc4 c5 8.
Ne2 O-O 9. O-O Qc7 10. Bd3 Rd8 11. Be3 Nc6 12. Rc1 Qd6 13. d5 Ne5 14. c4 Ng4
15. Bf4 Be5 16. Qd2 Bxf4 17. Qxf4 Ne5 18. Bb1 b6 19. Qg3 f6 20. f4 Nf7 21. Nc3
a6 22. e5 fxe5 23. Ne4 Qc7 24. f5 g5 25. Nxg5 Nxg5 26. Qxg5+ Kh8 27. Rc3 Rg8
28. Qh4 Bb7 29. f6 exf6 30. Qxf6+ Rg7 31. Rh3 Kg8 32. Bf5 Qe7 33. Qxb6 Re8 34.
Qh6 a5 35. Rff3 Bc8 36. Bxc8 Rxc8 37. Rhg3 Rxg3 38. Rxg3+ Kh8 39. d6 Qf7 40. d7
Rb8 41. h3 Qe7 42. Qc6 Rd8 43. Rd3 e4 44. Qd6 Qg7 45. Rg3 Qd4+ 46. Qxd4+ cxd4
47. Rg4 Rxd7 48. Rxe4 d3 49. Re1 Rd4 50. Rd1 Kg7 51. Kh2 Rxc4 52. Rxd3 Ra4 53.
a3 Kf6 54. Kg3 h5 55. Kf3 h4 56. Ke3 Ke5 57. Kd2 Ke4 58. Rf3 Rc4 59. Re3+ Kf4
60. Rf3+ Ke4 61. Re3+ Kf4 62. Rf3+ Ke4 63. Re3+ Kf4 64. Rf3+ Ke4 1/2-1/2

[Event "Ontario op U2200"]
[Site "Toronto CAN"]
[Date "2022.05.22"]
[Round "3.18"]
[White "Ganea, Mihai"]
[Black "He, Emma"]
[Result "1-0"]
[WhiteElo "1954"]
[BlackElo "1981"]
[PlyCount "65"]
[EventDate "2022.05.21"]
[EventType "swiss"]
[EventRounds "6"]
[EventCountry "CAN"]

1. c4 e6 2. Nf3 d5 3. g3 Nf6 4. Bg2 Be7 5. O-O O-O 6. d4 dxc4 7. Ne5 c5 8. dxc5
Bxc5 9. Nxc4 Nc6 10. Bf4 Nd5 11. Nc3 Nxf4 12. gxf4 Qc7 13. e3 Rd8 14. Qh5 Bb4
15. Nb5 Qe7 16. a3 Bc5 17. b4 Bb6 18. Rad1 g6 19. Qe2 Bc7 20. Nxc7 Qxc7 21. b5
Ne7 22. Rxd8+ Qxd8 23. Rd1 Qc7 24. Qb2 Nd5 25. Ne5 Qe7 26. Ng4 h5 27. Ne5 a6
28. b6 Qc5 29. Bxd5 exd5 30. Rc1 Qa5 31. Nxf7 Kxf7 32. Rc7+ Ke6 33. Qe5# 1-0

[Event "Ontario op U2200"]
[Site "Toronto CAN"]
[Date "2022.05.22"]
[Round "3.19"]
[White "Malmsten, Erik"]
[Black "Zheng, Victor"]
[Result "0-1"]
[WhiteElo "1975"]
[BlackElo "1918"]
[PlyCount "56"]
[EventDate "2022.05.21"]
[EventType "swiss"]
[EventRounds "6"]
[EventCountry "CAN"]

1. e4 d6 2. d4 Nf6 3. Nc3 g6 4. Be2 Bg7 5. Be3 c6 6. h4 h5 7. Qd2 Qc7 8. O-O-O
Nbd7 9. Nh3 b5 10. f3 b4 11. Nb1 a5 12. Nf4 Rb8 13. Nd3 Ba6 14. b3 Bxd3 15.
Qxd3 c5 16. Nd2 O-O 17. g4 cxd4 18. Bxd4 Nc5 19. Qe3 a4 20. Bc4 axb3 21. Bxb3
Rfc8 22. gxh5 Nxb3+ 23. Qxb3 Nxh5 24. Bxg7 Kxg7 25. Nf1 Ra8 26. Rh2 Qc3 27. Qb2
Kg8 28. Rd3 Qxd3 0-1

[Event "Ontario op U2200"]
[Site "Toronto CAN"]
[Date "2022.05.22"]
[Round "3.20"]
[White "Adriaanse, Adam"]
[Black "Lu, Eddie"]
[Result "1-0"]
[WhiteElo "2194"]
[BlackElo "1646"]
[PlyCount "85"]
[EventDate "2022.05.21"]
[EventType "swiss"]
[EventRounds "6"]
[EventCountry "CAN"]

1. d4 Nf6 2. c4 e6 3. Nf3 Bb4+ 4. Nbd2 d5 5. Qa4+ Nc6 6. a3 Be7 7. e3 O-O 8.
Bd3 Bd7 9. Qc2 h6 10. O-O Re8 11. b4 Bf8 12. Bb2 Ne7 13. Ne5 c6 14. f4 b6 15.
g4 dxc4 16. Ndxc4 Ng6 17. Nxf7 Kxf7 18. Bxg6+ Kg8 19. Ne5 Re7 20. g5 Nd5 21.
Rf3 Be8 22. e4 Nc7 23. Nxc6 Bxc6 24. Qxc6 Ne8 25. Rc1 Nd6 26. e5 Ne8 27. f5 Nc7
28. fxe6 Nxe6 29. Bf7+ Rxf7 30. Qxe6 Qxg5+ 31. Kh1 Qe7 32. Qd5 Rd8 33. Qb3 Qb7
34. Rcf1 Rdd7 35. Kg1 g5 36. e6 Rxf3 37. Rxf3 Re7 38. d5 Qb8 39. Bf6 g4 40. Rg3
h5 41. Qe3 Qd6 42. Qg5+ Rg7 43. Bxg7 1-0

[Event "Ontario op U2200"]
[Site "Toronto CAN"]
[Date "2022.05.22"]
[Round "3.21"]
[White "Kim, Noah"]
[Black "Pimentel, Sheldon"]
[Result "1/2-1/2"]
[WhiteElo "1884"]
[BlackElo "2026"]
[PlyCount "67"]
[EventDate "2022.05.21"]
[EventType "swiss"]
[EventRounds "6"]
[EventCountry "CAN"]

1. d4 c6 2. c4 Nf6 3. Nf3 d5 4. e3 g6 5. Bd3 Bg7 6. O-O Nbd7 7. Nbd2 O-O 8. h3
c5 9. b3 b6 10. Bb2 Bb7 11. Rc1 cxd4 12. Bxd4 Rc8 13. Qe2 Nc5 14. Bb1 Ba6 15.
Rfd1 Qc7 16. Be5 Qd8 17. e4 dxc4 18. Nxc4 Qe8 19. Qb2 Bh6 20. Bxf6 Bxc1 21.
Rxc1 exf6 22. Nd6 Qe6 23. Nxc8 Rxc8 24. Qd4 Re8 25. Re1 Bb7 26. Nd2 f5 27. f3
fxe4 28. b4 Nd7 29. Nxe4 Qd5 30. Qxd5 Bxd5 31. Kf2 f5 32. Nc3 Rxe1 33. Kxe1 Bc4
34. a4 1/2-1/2

[Event "Ontario op U2200"]
[Site "Toronto CAN"]
[Date "2022.05.22"]
[Round "3.22"]
[White "Dai, Wenzhi"]
[Black "Southam, David"]
[Result "1-0"]
[WhiteElo "2177"]
[BlackElo "2087"]
[PlyCount "95"]
[EventDate "2022.05.21"]
[EventType "swiss"]
[EventRounds "6"]
[EventCountry "CAN"]

1. e4 e6 2. d4 d5 3. Nc3 Bb4 4. e5 c5 5. a3 Bxc3+ 6. bxc3 Ne7 7. Qg4 O-O 8. Bd3
Nbc6 9. Nf3 f5 10. exf6 Rxf6 11. Ne5 Nxe5 12. dxe5 Rf7 13. Bg5 Qf8 14. O-O Bd7
15. c4 Re8 16. Qh3 h6 17. cxd5 Nf5 18. Bf6 exd5 19. Bxf5 Bxf5 20. Qxf5 gxf6 21.
e6 Rg7 22. Qxd5 Qe7 23. Rfe1 Rg5 24. Qf3 Re5 25. Rxe5 fxe5 26. Rd1 Qxe6 27.
Qxb7 Re7 28. Rd8+ Kg7 29. Qe4 h5 30. Qh4 Qf7 31. Qg5+ Kh7 32. h4 c4 33. Rd6 Re6
34. Rxe6 Qxe6 35. Qxh5+ Kg7 36. Qg5+ Kf7 37. h5 Qd6 38. Qg6+ Qxg6 39. hxg6+
Kxg6 40. Kf1 Kf5 41. Ke2 Ke4 42. Kd2 Kd4 43. g4 c3+ 44. Ke2 Ke4 45. g5 Kf5 46.
Kd3 Kxg5 47. Kxc3 Kf4 48. Kc4 1-0

[Event "Ontario op U2200"]
[Site "Toronto CAN"]
[Date "2022.05.22"]
[Round "3.23"]
[White "Oancea, Nicolae"]
[Black "Ishow, Younan"]
[Result "1-0"]
[WhiteElo "1830"]
[BlackElo "2146"]
[PlyCount "100"]
[EventDate "2022.05.21"]
[EventType "swiss"]
[EventRounds "6"]
[EventCountry "CAN"]

1. e4 c6 2. d4 d5 3. e5 Bf5 4. h4 h5 5. c4 e6 6. Nc3 Bb4 7. Nge2 Ne7 8. Ng3 Bg6
9. Bd3 dxc4 10. Bxc4 b5 11. Be2 Nd7 12. Bxh5 Nxe5 13. Be2 Nd7 14. h5 Bf5 15.
Nxf5 Nxf5 16. a3 Ba5 17. g4 Nd6 18. Bf4 Nf6 19. Qc2 Rc8 20. O-O-O b4 21. axb4
Bxb4 22. Be5 Bxc3 23. Qxc3 Nd5 24. Qa3 Nb5 25. Qa6 f6 26. Bg3 Nb4 27. Qa4 a5
28. Qb3 Nd5 29. Bd3 a4 30. Bg6+ Kd7 31. Qxa4 Qb6 32. Bc2 Ra8 33. Qc4 Qa5 34.
Bb3 Rhc8 35. Qc5 Qa1+ 36. Kc2 Qa5 37. Kd3 Qa6 38. Ke4 Nbc3+ 39. Kf3 Qe2+ 40.
Kg2 Ne4 41. Qc1 Nxg3 42. Kxg3 Rab8 43. Bxd5 cxd5 44. Qe3 Rxb2 45. Qxe2 Rxe2 46.
h6 gxh6 47. Rxh6 Rf8 48. Rh7+ Kc6 49. Rc1+ Kb6 50. Rb1+ Kc6 1-0

[Event "Ontario op U2200"]
[Site "Toronto CAN"]
[Date "2022.05.22"]
[Round "3.24"]
[White "Bui, Alan"]
[Black "Chen, Richard"]
[Result "1/2-1/2"]
[WhiteElo "2117"]
[BlackElo "1910"]
[PlyCount "66"]
[EventDate "2022.05.21"]
[EventType "swiss"]
[EventRounds "6"]
[EventCountry "CAN"]

1. d4 Nf6 2. Nf3 g6 3. c4 Bg7 4. Nc3 O-O 5. e4 d6 6. Be2 c5 7. d5 Bg4 8. O-O
Nbd7 9. Bf4 a6 10. a4 Qc7 11. Ne1 Bxe2 12. Qxe2 Rae8 13. h3 e6 14. dxe6 Rxe6
15. Rd1 Nh5 16. Nd5 Nxf4 17. Nxf4 Ree8 18. Qc2 Qc6 19. Nd5 f5 20. exf5 Rxf5 21.
Nf3 Ne5 22. Nxe5 Rfxe5 23. b3 Kh8 24. Qd3 Re4 25. Qf3 Re2 26. Qf4 Rf8 27. Qg4
Qe8 28. Rd3 Bd4 29. Rf3 Rxf3 30. Qxf3 Rxf2 31. Rxf2 Qe1+ 32. Kh2 Qxf2 33. Qxf2
Bxf2 1/2-1/2

[Event "Ontario op U2200"]
[Site "Toronto CAN"]
[Date "2022.05.22"]
[Round "3.25"]
[White "Lim, Levi"]
[Black "Loadman, Ian"]
[Result "0-1"]
[WhiteElo "1934"]
[BlackElo "2091"]
[PlyCount "78"]
[EventDate "2022.05.21"]
[EventType "swiss"]
[EventRounds "6"]
[EventCountry "CAN"]

1. e4 e5 2. Nf3 Nc6 3. Nc3 Nf6 4. Bb5 Nd4 5. Ba4 c6 6. d3 a5 7. Bb3 d6 8. h3
Be7 9. Be3 Nxb3 10. axb3 Qc7 11. O-O O-O 12. d4 b5 13. Nd2 Bb7 14. Qf3 Rfe8 15.
Rfe1 Bf8 16. Nf1 b4 17. Na4 c5 18. d5 Be7 19. Ng3 g6 20. Bg5 Nxd5 21. exd5 Bxg5
22. Ne4 Be7 23. Nf6+ Bxf6 24. Qxf6 Bxd5 25. h4 Re6 26. Qg5 Kh8 27. c4 Bc6 28.
Rad1 f6 29. Qg3 Rf8 30. Qh3 f5 31. Rd2 Ref6 32. Qh2 f4 33. f3 Rg8 34. Red1 g5
35. Rd5 Bxd5 36. Rxd5 g4 37. Kf1 gxf3 38. gxf3 Rfg6 39. Qh3 Qg7 0-1

[Event "Ontario op U2200"]
[Site "Toronto CAN"]
[Date "2022.05.22"]
[Round "3.26"]
[White "Nazareno, Merlin"]
[Black "Laughlin, Braden"]
[Result "1/2-1/2"]
[WhiteElo "2083"]
[BlackElo "1908"]
[PlyCount "104"]
[EventDate "2022.05.21"]
[EventType "swiss"]
[EventRounds "6"]
[EventCountry "CAN"]

1. e4 c5 2. Nf3 d6 3. d4 cxd4 4. Nxd4 Nf6 5. Nc3 Nc6 6. f3 e6 7. Be3 Be7 8. Qd2
a6 9. Be2 Bd7 10. a4 Rc8 11. f4 h5 12. O-O Ng4 13. Nxc6 Bxc6 14. Bd4 e5 15. Be3
Nxe3 16. Qxe3 h4 17. h3 Rh6 18. Kh1 Rg6 19. Bg4 Bd7 20. Bh5 Rg3 21. Rf3 Rxf3
22. Qxf3 g6 23. Bg4 Bxg4 24. Qxg4 Qd7 25. Qf3 exf4 26. Qxf4 Qe6 27. Rd1 Rc5 28.
Rf1 Bd8 29. Qf2 Re5 30. Qd4 b5 31. axb5 axb5 32. b4 g5 33. Qd3 Qd7 34. Nd5 Qc6
35. Qf3 Qd7 36. Qh5 Qe6 37. Qh8+ Kd7 38. Qf8 f5 39. Rxf5 Rxf5 40. Qxf5 Qxf5 41.
exf5 Kc6 42. Nc3 d5 43. Ne2 Bf6 44. c3 Kd6 45. Kg1 Ke5 46. Nd4 Kf4 47. Nxb5
Kxf5 48. Kf2 Ke4 49. Ke2 Be5 50. Kd2 Kf4 51. Ke2 Ke4 52. Kd2 Kf4 1/2-1/2

[Event "Ontario op U2200"]
[Site "Toronto CAN"]
[Date "2022.05.22"]
[Round "3.27"]
[White "Mahtani, Nitin"]
[Black "Mohan, Abhinandan"]
[Result "1-0"]
[WhiteElo "1773"]
[BlackElo "1985"]
[PlyCount "59"]
[EventDate "2022.05.21"]
[EventType "swiss"]
[EventRounds "6"]
[EventCountry "CAN"]

1. d4 Nf6 2. c4 e6 3. Nc3 Bb4 4. e3 d5 5. Nf3 O-O 6. Bd3 b6 7. O-O Bb7 8. Qe2
Nbd7 9. Rd1 Bxc3 10. bxc3 Ne4 11. Bb2 f5 12. cxd5 exd5 13. c4 c6 14. Rac1 Rc8
15. Ne5 Nxe5 16. dxe5 Qe7 17. f3 Nc5 18. cxd5 cxd5 19. Bb1 Ba6 20. Qd2 Bc4 21.
e4 fxe4 22. fxe4 Nxe4 23. Bxe4 dxe4 24. Qd4 Bd3 25. e6 Rxc1 26. Rxc1 Qg5 27. h4
Qg3 28. e7 Re8 29. Qd5+ Kh8 30. Qf7 1-0

[Event "Ontario op U2200"]
[Site "Toronto CAN"]
[Date "2022.05.22"]
[Round "3.28"]
[White "Shih, Matthew"]
[Black "Sneeggen, Espen"]
[Result "1-0"]
[WhiteElo "1985"]
[BlackElo "1646"]
[PlyCount "132"]
[EventDate "2022.05.21"]
[EventType "swiss"]
[EventRounds "6"]
[EventCountry "CAN"]

1. c4 c6 2. Nf3 d5 3. e3 Nf6 4. Nc3 e6 5. b3 Bd6 6. Be2 O-O 7. O-O b6 8. d4
Nbd7 9. Qc2 Bb7 10. Rd1 Qe7 11. Bb2 Rfd8 12. Rac1 Rac8 13. Qb1 h6 14. Nd2 e5
15. dxe5 Nxe5 16. cxd5 cxd5 17. Nb5 Rxc1 18. Rxc1 Bb8 19. Nf3 Neg4 20. Qd3 d4
21. Nbxd4 Bxf3 22. Bxf3 Bxh2+ 23. Kf1 Qd6 24. Qe2 h5 25. g3 Bxg3 26. Nf5 Qd2
27. Nxg3 Nh2+ 28. Kg2 Nxf3 29. Kxf3 Qd5+ 30. e4 Qg5 31. Qe3 Qg4+ 32. Kg2 h4 33.
Bxf6 gxf6 34. Rc7 hxg3 35. Qxg3 Qxg3+ 36. Kxg3 a5 37. Rc6 Rd2 38. Rxf6 Rxa2 39.
Rxb6 Rb2 40. Rb5 Kg7 41. f3 Ra2 42. Kf4 a4 43. bxa4 Rxa4 44. Kf5 Ra6 45. e5 Rc6
46. Rb7 Rc3 47. f4 Re3 48. Rb5 Re2 49. Ra5 Rf2 50. Ra4 Re2 51. Re4 Ra2 52. Re3
Ra6 53. Rg3+ Kf8 54. Rd3 Ke7 55. Rd6 Ra5 56. Rb6 Ra7 57. Kg5 Ra4 58. Rb7+ Ke8
59. f5 Ra5 60. Kf6 Ra6+ 61. e6 fxe6 62. fxe6 Kd8 63. Kf7 Kc8 64. e7 Kxb7 65.
e8=Q Rc6 66. Qe4 Kb6 1-0